[Event "Lira Vendrellenca Vs Barbera"]
[Site "Vendrell"]
[Date "2023.03.04"]
[Round "7.5"]
[White "Rodriguez Garcia, Yuliesky"]
[Black "Alonso Moyano, Jonathan"]
[Result "1/2-1/2"]
[TimeControl "90'+30\""]
[WhiteTitle "CM"]
[BlackTitle "IM"]
[WhiteFideId "3516660"]
[BlackFideId "2216019"]
[WhiteElo "2170"]
[BlackElo "2339"]

1. Nf3 {[%emt 01:36:51]} f5 {[%emt 00:15:03]} 2. g3 {[%clk 01:26:59]} {[%emt
00:02:13]} Nf6 {[%clk 01:13:23]} {[%emt 00:00:12]} 3. Bg2 {[%clk 01:27:23]}
{[%emt 00:00:07]} d6 {[%clk 01:13:46]} {[%emt 00:00:07]} 4. d4 {[%clk
01:26:46]} {[%emt 00:01:06]} g6 {[%clk 01:14:09]} {[%emt 00:00:06]} 5. O-O
{[%clk 01:07:32]} {[%emt 00:23:40]} Bg7 6. c4 {[%clk 01:01:52]} {[%emt
00:02:32]} O-O {[%clk 01:14:41]} {[%emt 00:00:11]} 7. Nc3 {[%clk 01:02:17]}
{[%emt 00:00:05]} Qe8 {[%clk 01:14:06]} {[%emt 00:01:05]} 8. d5 {[%clk
00:49:39]} {[%emt 00:13:08]} Na6 {[%clk 01:13:59]} {[%emt 00:00:37]} 9. Be3
{[%clk 00:49:42]} {[%emt 00:00:27]} c6 {[%clk 01:11:13]} {[%emt 00:03:16]} 10.
h3 {[%clk 00:40:49]} {[%emt 00:09:23]} Bd7 {[%clk 00:55:52]} {[%emt 00:15:51]}
11. Qd2 {[%emt 00:05:11]} cxd5 {[%clk 00:49:08]} {[%emt 00:04:26]} 12. cxd5
{[%clk 00:38:37]} {[%emt 00:00:50]} Nc5 {[%clk 00:48:54]} {[%emt 00:00:43]} 13.
Bxc5 {[%clk 00:25:22]} {[%emt 00:13:45]} dxc5 {[%clk 00:49:07]} {[%emt
00:00:16]} 14. Ne5 {[%clk 00:25:49]} {[%emt 00:00:02]} b5 {[%emt 00:15:50]} 15.
a4 {[%clk 00:18:17]} {[%emt 00:01:45]} b4 {[%clk 00:38:09]} {[%emt 00:05:04]}
16. Nb5 {[%clk 00:18:31]} Ne4 17. Bxe4 {[%clk 00:18:39]} Bxe5 {[%clk 00:38:47]}
18. d6 fxe4 {[%clk 00:33:04]} {[%emt 00:05:21]} 19. Qd5+ {[%clk 00:17:58]}
{[%emt 00:00:53]} Qf7 {[%clk 00:33:27]} {[%emt 00:00:07]} 20. Qxe5 {[%clk
00:18:02]} {[%emt 00:00:27]} Bxh3 {[%clk 00:33:44]} {[%emt 00:00:14]} 21. dxe7
{[%clk 00:17:44]} {[%emt 00:00:47]} Rfe8 {[%clk 00:34:07]} {[%emt 00:00:06]} 22.
Rfc1 {[%clk 00:15:06]} {[%emt 00:13:45]} Rxe7 {[%clk 00:20:05]} {[%emt
00:03:55]} 23. Qxc5 {[%clk 00:15:18]} {[%emt 00:00:17]} a5 {[%clk 00:18:27]}
{[%emt 00:02:09]} 24. Qe3 {[%clk 00:15:28]} {[%emt 00:00:19]} Rd8 {[%clk
00:16:06]} {[%emt 00:02:52]} 25. Rd1 {[%clk 00:15:13]} {[%emt 00:00:45]} Rd5
{[%clk 00:15:36]} {[%emt 00:01:00]} 26. Rd4 {[%clk 00:14:29]} {[%emt 00:01:14]}
Rxd4 {[%clk 00:15:05]} {[%emt 00:01:01]} 27. Nxd4 {[%clk 00:14:04]} {[%emt
00:00:55]} Qd5 {[%clk 00:13:54]} {[%emt 00:01:40]} 28. Rc1 {[%clk 00:13:40]}
{[%emt 00:00:54]} h5 {[%clk 00:09:56]} {[%emt 00:04:28]} 29. b3 {[%clk
00:13:17]} {[%emt 00:00:53]} Kh7 {[%clk 00:10:13]} {[%emt 00:00:14]} 30. Nf3
{[%clk 00:13:25]} {[%emt 00:00:21]} Bf5 {[%clk 00:06:57]} {[%emt 00:03:46]} 31.
Rc5 {[%clk 00:11:07]} {[%emt 00:02:49]} Qd1+ {[%clk 00:07:02]} {[%emt
00:00:25]} 32. Kh2 {[%clk 00:11:25]} {[%emt 00:00:11]} Rd7 {[%clk 00:04:55]}
{[%emt 00:02:38]} 33. Ne5 {[%clk 00:10:21]} {[%emt 00:04:54]} Re7 34. Rxa5
{[%clk 00:10:21]} Qf1 {[%clk 00:01:48]} {[%emt 00:01:17]} 35. g4 {[%clk
00:06:30]} {[%emt 00:04:21]} hxg4 {[%clk 00:01:38]} {[%emt 00:00:40]} 36. Qg3
{[%clk 00:06:37]} {[%emt 00:00:23]} Kg7 {[%clk 00:01:44]} {[%emt 00:00:25]} 37.
Qh4 {[%clk 00:06:15]} {[%emt 00:00:52]} Rc7 {[%clk 00:01:15]} {[%emt 00:00:58]}
38. Ra8 {[%clk 00:06:31]} {[%emt 00:00:14]} Qh3+ {[%clk 00:01:36]} {[%emt
00:00:09]} 39. Qxh3 {[%clk 00:06:50]} {[%emt 00:00:11]} gxh3 {[%clk 00:02:04]}
{[%emt 00:00:02]} 40. Nc4 {[%clk 00:06:26]} {[%emt 00:00:55]} Be6 {[%clk
00:02:12]} {[%emt 00:00:22]} 41. Rb8 {[%clk 00:06:51]} {[%emt 00:00:05]} Bxc4
{[%clk 00:02:21]} {[%emt 00:00:21]} 42. bxc4 {[%clk 00:07:16]} {[%emt
00:00:05]} Rxc4 {[%clk 00:02:44]} {[%emt 00:00:07]} 43. Kxh3 {[%clk 00:07:30]}
{[%emt 00:00:16]} Rc2 {[%clk 00:01:27]} {[%emt 00:01:47]} 1/2-1/2

[Event "Lira Vendrellenca Vs Barbera"]
[Site "Vendrell"]
[Date "2023.03.04"]
[Round "7.6"]
[White "Perez Manas, Benjamin"]
[Black "Pros Heras, Jordi"]
[Result "1-0"]
[TimeControl "90'+30\""]
[WhiteTitle "FM"]
[WhiteFideId "22200169"]
[BlackFideId "2212951"]
[WhiteElo "2192"]
[BlackElo "2061"]

1. e4 {[%clk 01:30:56]} {[%emt 01:36:49]} e6 {[%clk 01:30:53]} 2. d4 {[%clk
01:31:06]} d5 {[%clk 01:31:14]} 3. Nd2 {[%clk 01:31:14]} {[%emt 00:00:01]} c5
{[%clk 01:31:23]} 4. Ngf3 {[%clk 01:31:11]} cxd4 {[%clk 01:31:30]} 5. exd5 Qxd5
{[%clk 01:31:41]} 6. Bc4 {[%clk 01:31:56]} Qd7 {[%clk 01:31:48]} 7. O-O {[%clk
01:32:18]} Nc6 {[%clk 01:31:50]} 8. Nb3 {[%clk 01:32:33]} a6 {[%clk 01:29:33]}
{[%emt 00:01:28]} 9. Nbxd4 {[%clk 01:32:48]} {[%emt 00:00:15]} Nxd4 {[%clk
01:29:21]} {[%emt 00:00:42]} 10. Nxd4 {[%clk 01:33:10]} {[%emt 00:00:08]} Qc7
{[%clk 01:27:18]} {[%emt 00:02:32]} 11. Bb3 {[%clk 01:32:54]} {[%emt 00:00:48]}
Bd6 {[%clk 01:20:54]} {[%emt 00:09:11]} 12. h3 {[%clk 01:26:31]} {[%emt
00:04:35]} Nf6 {[%clk 01:01:55]} {[%emt 00:22:57]} 13. Bg5 {[%clk 01:22:58]}
{[%emt 00:00:35]} Ne4 {[%clk 01:00:49]} {[%emt 00:01:36]} 14. Be3 {[%clk
01:20:37]} {[%emt 00:02:51]} Nc5 {[%clk 00:44:59]} {[%emt 00:16:20]} 15. Bc4
{[%clk 00:51:46]} {[%emt 00:30:22]} O-O {[%clk 00:42:52]} {[%emt 00:01:35]} 16.
c3 {[%clk 00:48:52]} {[%emt 00:03:24]} Bd7 {[%clk 00:36:21]} {[%emt 00:07:01]}
17. Qc2 {[%clk 00:46:23]} {[%emt 00:02:58]} Rac8 {[%clk 00:29:29]} {[%emt
00:07:23]} 18. Rfd1 {[%clk 00:45:02]} {[%emt 00:01:51]} Bh2+ {[%clk 00:28:41]}
{[%emt 00:01:18]} 19. Kh1 {[%clk 00:45:25]} {[%emt 00:00:07]} Bf4 {[%clk
00:29:05]} {[%emt 00:00:06]} 20. Re1 {[%clk 00:37:24]} {[%emt 00:10:10]} Bxe3
{[%clk 00:27:16]} {[%emt 00:00:40]} 21. Rxe3 {[%clk 00:37:47]} {[%emt
00:00:06]} Qf4 {[%clk 00:25:42]} {[%emt 00:06:03]} 22. Rae1 {[%clk 00:37:08]}
b5 {[%emt 00:08:26]} 23. Bf1 b4 {[%clk 00:14:57]} 24. cxb4 {[%clk 00:22:46]}
{[%emt 00:15:35]} Qxd4 {[%clk 00:15:36]} {[%emt 00:00:08]} 25. bxc5 {[%clk
00:23:09]} {[%emt 00:00:06]} Rxc5 {[%clk 00:15:28]} {[%emt 00:00:38]} 26. Rc3
{[%clk 00:18:02]} {[%emt 00:05:36]} Ba4 {[%clk 00:15:03]} {[%emt 00:00:55]} 27.
Re4 {[%clk 00:15:17]} {[%emt 00:03:16]} Rxc3 {[%clk 00:14:59]} {[%emt
00:00:35]} 28. bxc3 {[%clk 00:15:24]} {[%emt 00:00:21]} Bxc2 {[%clk 00:11:44]}
{[%emt 00:03:45]} 29. Rxd4 {[%clk 00:15:48]} {[%emt 00:00:07]} a5 {[%clk
00:10:43]} {[%emt 00:01:31]} 30. Bb5 {[%clk 00:16:07]} {[%emt 00:00:09]} Ra8
{[%clk 00:04:37]} {[%emt 00:06:37]} 31. c4 {[%clk 00:15:48]} {[%emt 00:00:49]}
Kf8 {[%clk 00:04:57]} {[%emt 00:00:10]} 32. c5 {[%clk 00:14:00]} {[%emt
00:02:18]} Ra7 {[%clk 00:04:38]} {[%emt 00:00:49]} 33. a4 {[%clk 00:05:27]}
{[%emt 00:09:03]} Ke7 {[%clk 00:04:53]} {[%emt 00:00:15]} 34. f4 {[%clk
00:04:25]} {[%emt 00:01:31]} Bb3 {[%clk 00:04:45]} {[%emt 00:00:35]} 35. Kg1
{[%clk 00:04:08]} {[%emt 00:00:51]} Rc7 {[%clk 00:02:20]} {[%emt 00:02:55]} 36.
Rd3 {[%clk 00:04:32]} {[%emt 00:00:06]} Bd5 {[%clk 00:02:45]} {[%emt 00:00:05]}
37. Rc3 {[%clk 00:04:58]} {[%emt 00:00:04]} Kd8 {[%clk 00:02:21]} {[%emt
00:00:54]} 38. Kf2 {[%clk 00:05:20]} {[%emt 00:00:08]} Re7 {[%clk 00:02:20]}
{[%emt 00:00:31]} 39. g3 {[%clk 00:05:08]} {[%emt 00:00:42]} Kc7 {[%clk
00:02:47]} {[%emt 00:00:05]} 40. Rd3 {[%clk 00:04:03]} {[%emt 00:01:34]} g6
{[%clk 00:01:03]} {[%emt 00:02:14]} 41. Ke3 {[%clk 00:02:52]} {[%emt 00:01:41]}
f6 {[%clk 00:01:17]} {[%emt 00:00:15]} 42. h4 {[%clk 00:02:11]} {[%emt
00:01:12]} h6 {[%clk 00:01:24]} {[%emt 00:00:24]} 43. Rd2 {[%clk 00:02:16]}
{[%emt 00:00:24]} Rg7 {[%clk 00:01:22]} {[%emt 00:00:31]} 44. Kd4 {[%clk
00:02:07]} {[%emt 00:00:39]} Re7 {[%clk 00:01:04]} {[%emt 00:00:49]} 45. Kc3
{[%clk 00:01:40]} {[%emt 00:03:09]} Rg7 {[%clk 00:01:17]} 46. Rd1 {[%clk
00:01:45]} Rg8 {[%clk 00:01:10]} 47. Re1 {[%clk 00:01:45]} Rg7 {[%clk
00:00:52]} {[%emt 00:00:27]} 48. Kd4 {[%clk 00:01:58]} {[%emt 00:00:16]} Rg8
{[%clk 00:00:49]} {[%emt 00:00:34]} 49. Bc4 {[%clk 00:02:04]} {[%emt 00:00:25]}
Rd8 {[%clk 00:00:40]} {[%emt 00:00:39]} 50. Bxd5 {[%clk 00:02:01]} {[%emt
00:00:33]} Rxd5+ {[%clk 00:01:09]} {[%emt 00:00:01]} 51. Kc4 {[%clk 00:02:22]}
{[%emt 00:00:08]} Kd7 {[%clk 00:01:25]} {[%emt 00:00:13]} 52. c6+ {[%clk
00:01:56]} {[%emt 00:00:56]} Kd6 {[%clk 00:00:38]} {[%emt 00:01:18]} 53. Rxe6+
{[%clk 00:02:20]} {[%emt 00:00:07]} Kxe6 {[%clk 00:01:05]} {[%emt 00:00:03]} 54.
c7 {[%clk 00:02:43]} {[%emt 00:00:06]} 1-0

[Event "Lira Vendrellenca Vs Barbera"]
[Site "Vendrell"]
[Date "2023.03.04"]
[Round "7.8"]
[White "Martinez Ramirez, Erik"]
[Black "Navarro Perez, Manuel"]
[Result "1-0"]
[TimeControl "90'+30\""]
[WhiteTitle "FM"]
[WhiteFideId "22202366"]
[BlackFideId "2207010"]
[WhiteElo "2186"]
[BlackElo "2005"]

1. e4 {[%clk 01:30:57]} {[%emt 01:36:49]} d6 {[%clk 01:30:59]} 2. d4 {[%clk
01:31:19]} e5 {[%clk 01:31:27]} 3. Nf3 {[%clk 01:30:13]} {[%emt 00:00:01]} Nc6
{[%clk 01:31:41]} 4. dxe5 {[%clk 01:26:25]} {[%emt 00:00:58]} Nxe5 {[%clk
01:30:28]} {[%emt 00:01:43]} 5. Nc3 {[%clk 01:25:25]} {[%emt 00:01:29]} Nf6
{[%clk 01:27:50]} {[%emt 00:03:09]} 6. Nxe5 {[%clk 01:18:44]} {[%emt 00:07:45]}
dxe5 {[%clk 01:28:14]} 7. Qxd8+ Kxd8 {[%clk 01:28:31]} 8. Bg5 {[%clk 01:19:34]}
Be7 {[%clk 01:27:52]} {[%emt 00:01:03]} 9. Rd1+ {[%clk 01:19:51]} {[%emt
00:00:13]} Bd7 {[%clk 01:27:19]} {[%emt 00:01:03]} 10. Bc4 {[%clk 01:19:17]}
{[%emt 00:01:05]} Rf8 {[%clk 01:18:01]} {[%emt 00:09:48]} 11. f4 {[%clk
01:08:24]} {[%emt 00:14:20]} h6 {[%clk 01:06:25]} {[%emt 00:09:08]} 12. Bh4
{[%clk 01:04:18]} {[%emt 00:04:35]} exf4 {[%clk 01:00:29]} {[%emt 00:06:27]} 13.
e5 {[%clk 01:04:24]} {[%emt 00:00:24]} Re8 {[%clk 00:52:37]} {[%emt 00:08:23]}
14. Bxf7 {[%clk 01:02:02]} {[%emt 00:02:51]} Ng4 {[%clk 00:52:27]} {[%emt
00:00:40]} 15. Bxe7+ {[%clk 00:58:08]} {[%emt 00:04:24]} Kxe7 {[%clk 00:35:44]}
{[%emt 00:17:13]} 16. Bxe8 {[%clk 00:58:25]} {[%emt 00:00:14]} Rxe8 {[%clk
00:36:07]} {[%emt 00:00:07]} 17. O-O {[%clk 00:56:10]} {[%emt 00:02:44]} g5
{[%clk 00:30:31]} {[%emt 00:06:06]} 18. Rfe1 {[%clk 00:54:34]} {[%emt
00:02:06]} Bc6 {[%clk 00:27:55]} {[%emt 00:03:07]} 19. Nd5+ {[%clk 00:48:47]}
{[%emt 00:06:18]} Bxd5 {[%clk 00:24:02]} {[%emt 00:04:23]} 20. Rxd5 {[%clk
00:49:10]} {[%emt 00:00:06]} Ke6 {[%clk 00:24:18]} {[%emt 00:00:13]} 21. Rd2
{[%clk 00:46:29]} {[%emt 00:03:11]} Nxe5 {[%clk 00:21:51]} {[%emt 00:04:59]} 22.
Rxe5+ Kf5 23. Re1 Ke6 1-0

[Event "Lira Vendrellenca Vs Barbera"]
[Site "Vendrell"]
[Date "2023.03.04"]
[Round "7.9"]
[White "Catarineu Rabell, Manel"]
[Black "Ramirez Carrizo, Victor Jose"]
[Result "1/2-1/2"]
[TimeControl "90'+30\""]
[WhiteFideId "2280981"]
[BlackFideId "2252023"]
[WhiteElo "1934"]
[BlackElo "2178"]

1. d4 {[%clk 01:30:30]} {[%emt 01:36:50]} d5 {[%clk 01:12:09]} {[%emt
00:15:05]} 2. Nf3 {[%clk 01:30:52]} Nf6 {[%clk 01:11:35]} 3. c4 {[%clk
01:31:12]} e6 4. Bg5 {[%clk 01:31:15]} {[%emt 00:00:04]} Be7 {[%clk 01:11:14]}
{[%emt 00:01:00]} 5. Nc3 {[%clk 01:31:34]} {[%emt 00:00:10]} O-O {[%clk
01:10:31]} {[%emt 00:01:12]} 6. e3 {[%clk 01:31:52]} {[%emt 00:00:11]} Nbd7
{[%clk 01:08:23]} {[%emt 00:02:39]} 7. Bd3 {[%clk 01:29:53]} {[%emt 00:02:29]}
h6 {[%clk 01:06:47]} {[%emt 00:02:06]} 8. Bh4 {[%clk 01:29:15]} {[%emt
00:01:09]} c5 {[%clk 00:58:34]} {[%emt 00:08:44]} 9. O-O {[%emt 00:07:48]} b6
{[%clk 00:55:11]} 10. Rc1 {[%clk 01:22:01]} {[%emt 00:04:17]} Bb7 {[%clk
00:54:45]} {[%emt 00:00:56]} 11. Re1 {[%clk 01:18:56]} {[%emt 00:03:35]} Rc8
{[%clk 00:48:15]} {[%emt 00:07:00]} 12. cxd5 {[%clk 01:12:49]} {[%emt
00:06:38]} Nxd5 {[%clk 00:45:58]} {[%emt 00:02:46]} 13. Bxe7 {[%clk 01:13:11]}
{[%emt 00:00:08]} Nxe7 {[%clk 00:45:47]} {[%emt 00:00:42]} 14. Nb5 {[%clk
01:10:53]} {[%emt 00:02:48]} cxd4 {[%clk 00:29:33]} {[%emt 00:16:43]} 15. Rxc8
{[%clk 01:08:35]} {[%emt 00:02:48]} Nxc8 {[%clk 00:28:53]} {[%emt 00:01:10]} 16.
Nfxd4 {[%emt 00:02:13]} Nc5 {[%clk 00:23:55]} {[%emt 00:03:42]} 17. Be2 {[%clk
01:06:54]} {[%emt 00:02:14]} Qd7 {[%clk 00:21:38]} {[%emt 00:02:47]} 18. Nc3
{[%clk 01:03:58]} {[%emt 00:03:26]} Ne7 {[%clk 00:16:07]} {[%emt 00:06:01]} 19.
Bf3 {[%clk 01:03:20]} {[%emt 00:01:08]} Rd8 {[%clk 00:13:27]} {[%emt 00:03:10]}
20. Bxb7 {[%clk 01:02:52]} {[%emt 00:00:58]} Qxb7 {[%clk 00:13:37]} {[%emt
00:00:20]} 21. Qf3 {[%clk 01:02:46]} {[%emt 00:00:37]} Qa6 {[%clk 00:10:11]}
{[%emt 00:03:56]} 22. Qe2 {[%emt 00:07:36]} Qxe2 {[%clk 00:10:06]} 23. Rxe2
{[%clk 00:56:47]} e5 {[%clk 00:08:49]} {[%emt 00:01:44]} 24. Nf3 {[%emt
00:05:05]} f6 {[%clk 00:08:46]} 25. Rd2 {[%clk 00:53:17]} Rxd2 {[%clk
00:08:30]} {[%emt 00:00:45]} 26. Nxd2 {[%clk 00:53:45]} {[%emt 00:00:02]} Kf7
{[%clk 00:07:53]} {[%emt 00:01:06]} 27. Kf1 {[%clk 00:51:25]} {[%emt 00:02:50]}
Ke6 {[%clk 00:07:58]} {[%emt 00:00:25]} 28. Ke2 {[%clk 00:48:53]} {[%emt
00:03:03]} Nd5 {[%clk 00:07:50]} {[%emt 00:00:38]} 1/2-1/2

[Event "Lira Vendrellenca Vs Barbera"]
[Site "Vendrell"]
[Date "2023.03.04"]
[Round "7.10"]
[White "Bosque Ortega, Xavier"]
[Black "Galofre Galofre, Salvador"]
[Result "1-0"]
[TimeControl "90'+30\""]
[WhiteTitle "FM"]
[WhiteFideId "2208377"]
[BlackFideId "2292335"]
[WhiteElo "2136"]
[BlackElo "1762"]

1. d4 {[%emt 00:00:09]} d5 {[%emt 00:00:25]} 2. Bf4 {[%emt 00:00:11]} Nf6
{[%emt 00:00:40]} 3. e3 {[%emt 00:00:10]} c5 {[%emt 00:00:52]} 4. c3 {[%emt
00:00:23]} Nc6 {[%emt 00:00:51]} 5. Nd2 {[%emt 00:00:19]} cxd4 {[%emt
00:01:35]} 6. exd4 {[%emt 00:00:17]} Bg4 {[%emt 00:01:01]} 7. Qb3 {[%emt
00:08:10]} Qc8 8. h3 {[%emt 00:02:53]} Be6 {[%emt 00:09:44]} 9. Bd3 {[%emt
00:04:39]} g6 {[%emt 00:00:33]} 10. Ngf3 {[%emt 00:00:18]} Bg7 {[%emt
00:00:16]} 11. O-O {[%emt 00:03:52]} O-O {[%emt 00:00:36]} 12. Rfe1 {[%emt
00:04:42]} Ne4 {[%emt 00:11:35]} 13. Qc2 {[%emt 00:07:46]} Nxd2 {[%emt
00:01:40]} 14. Qxd2 {[%emt 00:00:25]} Bf5 {[%emt 00:05:10]} 15. Bb5 {[%emt
00:03:16]} Qd8 {[%emt 00:06:14]} 16. Bxc6 {[%emt 00:09:23]} bxc6 {[%emt
00:00:25]} 17. Bh6 {[%emt 00:00:05]} Qd6 {[%emt 00:06:23]} 18. Bxg7 {[%emt
00:01:08]} Kxg7 {[%emt 00:00:04]} 19. Qe3 {[%emt 00:01:47]} Rfe8 {[%emt
00:00:52]} 20. Qe5+ {[%emt 00:06:40]} f6 {[%emt 00:09:51]} 21. Qxd6 {[%emt
00:00:11]} exd6 {[%emt 00:00:02]} 22. Rxe8 {[%emt 00:00:44]} Rxe8 {[%emt
00:00:03]} 23. Re1 {[%emt 00:00:18]} Rxe1+ {[%emt 00:07:02]} 24. Nxe1 {[%emt
00:00:08]} c5 {[%emt 00:01:14]} 25. g4 {[%emt 00:05:11]} Bb1 {[%emt 00:00:20]}
26. a3 {[%emt 00:00:14]} c4 {[%emt 00:00:57]} 27. f3 {[%emt 00:05:18]} g5 28.
Kf2 Bg6 29. Ng2 {[%emt 00:01:04]} Bf7 {[%emt 00:05:13]} 30. Kg3 {[%emt
00:01:32]} Be6 {[%emt 00:03:09]} 31. h4 {[%emt 00:08:48]} h6 32. f4 Kh7 33. Ne1
Kg7 {[%emt 00:00:03]} 34. Nf3 {[%emt 00:00:16]} gxf4+ {[%emt 00:01:36]} 35.
Kxf4 h5 {[%emt 00:04:29]} 36. g5 {[%emt 00:02:24]} Kg6 {[%emt 00:01:15]} 37.
gxf6 {[%emt 00:01:22]} Kxf6 {[%emt 00:00:07]} 38. Nd2 {[%emt 00:00:11]} Bf7
{[%emt 00:02:04]} 39. Nf1 {[%emt 00:06:58]} Be6 {[%emt 00:01:27]} 40. Ne3
{[%emt 00:01:09]} Kg6 {[%emt 00:00:32]} 41. Nc2 {[%emt 00:06:24]} a5 {[%emt
00:02:12]} 42. Na1 {[%emt 00:00:56]} a4 {[%emt 00:01:26]} 43. Nc2 {[%emt
00:00:07]} Kf6 {[%emt 00:04:36]} 44. Nb4 Bf7 45. Na6 Be8 {[%emt 00:00:22]} 46.
Nb4 {[%emt 00:01:47]} Bf7 {[%emt 00:00:03]} 47. Nc2 {[%emt 00:00:17]} Kg6
{[%emt 00:00:21]} 48. Ne3 {[%emt 00:00:55]} Be6 {[%emt 00:00:08]} 49. Nc2
{[%emt 00:03:17]} Bd7 {[%emt 00:00:09]} 50. Nb4 {[%emt 00:00:42]} Be6 {[%emt
00:00:08]} 51. Nc6 {[%emt 00:00:24]} Kf6 {[%emt 00:00:49]} 52. Nb8 {[%emt
00:00:52]} Bc8 {[%emt 00:00:49]} 53. Nc6 {[%emt 00:00:10]} Bd7 {[%emt
00:00:59]} 54. Nb4 {[%emt 00:00:19]} Be6 {[%emt 00:06:55]} 55. Na6 {[%emt
00:19:01]} Bd7 {[%emt 00:00:45]} 56. Nc7 {[%emt 00:00:21]} Bc6 {[%emt
00:00:14]} 57. Kg3 {[%emt 00:00:09]} Kf5 {[%emt 00:00:33]} 58. Kf3 {[%emt
00:00:06]} Kf6 {[%emt 00:00:28]} 59. Kf4 {[%emt 00:00:07]} Kg6 {[%emt
00:00:41]} 60. Ne6 {[%emt 00:00:47]} Kf6 {[%emt 00:00:43]} 61. Nd8 {[%emt
00:00:55]} Bd7 {[%emt 00:00:16]} 62. Nb7 {[%emt 00:00:17]} Ke7 {[%emt
00:00:23]} 63. Kg5 {[%emt 00:02:29]} Bg4 {[%emt 00:00:08]} 64. Na5 {[%emt
00:00:15]} Ke6 {[%emt 00:00:32]} 65. Nc6 {[%emt 00:00:31]} Kd7 {[%emt
00:00:27]} 66. Nb4 {[%emt 00:00:16]} Bf3 {[%emt 00:01:42]} 67. Nc2 {[%emt
00:00:34]} Ke6 {[%emt 00:00:33]} 68. Ne3 {[%emt 00:00:12]} Be2 {[%emt
00:00:28]} 69. Nf5 {[%emt 00:00:12]} Bg4 {[%emt 00:00:32]} 70. Ng7+ {[%emt
00:00:18]} Kf7 {[%emt 00:00:30]} 71. Nxh5 {[%emt 00:00:11]} 1-0